MCU Directors - Statistics

General Stats
  • This quiz has been taken 237 times
    43 since last reset
  • The average score is 22 of 37
Answer Stats
Film Director(s) % Correct
Captain America: The WInter Soldier (2014) Anthony and Joe Russo
97%
Captain America: Civil War (2016) Anthony and Joe Russo
97%
Avengers: Infinity War (2018) Anthony and Joe Russo
97%
Avengers: Endgame (2019) Anthony and Joe Russo
97%
Guardians of the Galaxy (2014) James Gunn
91%
Guardians of the Galaxy Vol. 2 (2017) James Gunn
91%
Guardians of the Galaxy Vol. 3 (2023) James Gunn
91%
Iron Man (2008) Jon Favreau
86%
Iron Man 2 (2010) Jon Favreau
86%
Thor: Ragnarok (2017) Taika Waititi
86%
Thor: Love and Thunder (2022) Taika Waititi
86%
Doctor Strange in the Multiverse of Madness (2022) Sam Raimi
77%
Marvels The Avengers (2012) Joss Whedon
71%
Avengers: Age of Ultron (2015) Joss Whedon
71%
Black Panther (2018) Ryan Coogler
69%
Black Panther: Wakanda Forever (2022) Ryan Coogler
69%
Spider-Man: Homecoming (2017) Jon Watts
63%
Spider-Man: Far From Home (2019) Jon Watts
63%
Spider-Man: No Way Home (2021) Jon Watts
63%
Eternals (2021) Chloe Zhao
57%
Thor (2011) Kenneth Branagh
54%
Iron Man 3 (2013) Shane Black
51%
Shang-Chi and the Legend of the Ten Rings (2021) Destin Daniel Cretton
43%
Ant-Man (2015) Peyton Reed
40%
Ant-Man and the Wasp (2018) Peyton Reed
40%
Ant-Man and the Wasp: Quantumania (2023) Peyton Reed
40%
Doctor Strange (2016) Scott Derrickson
40%
Deadpool & Wolverine (2024) Shawn Levy
37%
The Marvels (2023) Nia DaCosta
34%
Captain America: The First Avenger (2011) Joe Johnston
29%
Thor: The Dark World (2013) Alan Taylor
26%
Black Widow (2021) Cate Shortland
26%
The Incredible Hulk (2008) Louis Leterrier
26%
Captain Marvel (2019) Anna Boden and Ryan Fleck
23%
Captain America: Brave New World (2025) Julius Onah
20%
The Fantastic Four: First Steps (2025) Matt Shakman
20%
Thunderbolts* (2025) Jake Schreier
17%
No matching quizzes found
Score Distribution
Percent of People with Each Score
Percentile by Number Answered
Your Score History
You have not taken this quiz since the last reset